000 02041 a2200289 4500
001 40459
005 20260407155658.0
008 260407a2015 arg spa d
003 AR-UNSa-BCEJYS
040 _aAR-UNSa-BCEJYS
_bspa
_cAR-UNSa-BCEJYS
080 _a351
_xFunciones propias de la administración pública
245 1 0 _aSociología de las organizaciones públicas
_pun análisis del comportamiento organizacional del estado y la administración pública
020 _a978-987-01-1774-2
264 1 _aBuenos Aires :
_bErrepar
_c2015
300 _axxxvii, 593 p.
_c27 cm.
505 _a1. Estado y sociedad, evolución y nuevas perspectivas - 2. La modernización y reforma del estado y la administración pública - 3. Las reformas del estado y la administración pública en Argentina - 4. Condiciones sociológicas para el desarrollo de reformas en la gestión pública: algunas hipótesis - 5. Politicas públicas y gestión pública para satisfacción de la población - 6. El control institucional y social de la gestión pública - 7. Las teorías y paradigmas aplicables a la administración pública (primera parte - la modernidad) - 8. La gestión pública pormoderna. El paradigma constructivo y las teorías discursivas del organizar - 9. El estado y las instituciones - 10. Motivación de las personas en las organizaciones públicas - 11. Los grupos y los equipos en las organizaciones públicas - 12. Las organizaciones públicas en su relación social - 13. Poder y liderazgo en las organizaciones públicas - 14. Cultura organizacional pública - 15. Conflicto y cambio en las organizaciones públicas -
041 _aspa
942 _cBK
590 _aniveau_biblio:m niveau_hierar:0
100 1 _aKrieger, Mario José
700 1 _aBonifacio, José Alberto
700 1 _aHerrera, Juan Carlos
700 1 _aMoreno, María Estela
700 1 _aSchmukler, Ricardo
700 1 _aVarela, Cristián
856 4 1 _uhttps://biblioeco.unsa.edu.ar/pmb/images/libros/L125888.jpg
_yImagen de portada
_qimage/jpeg
999 _c3224
_d3224